Estrategia pedagógica para la superación profesional de los profesores asesores del programa nacional de formación de educadores
Se elaboró una concepción pedagógica para la superación profesional de los profesores asesores del Programa Nacional de Formación de Educadores.
Bewaard in:
| Hoofdauteur: | |
|---|---|
| Coauteur: | |
| Andere auteurs: | |
| Formaat: | E-boek |
| Taal: | Spaans |
| Gepubliceerd in: |
La Habana :
Editorial Universitaria,
2011.
|
| Onderwerpen: | |
| Online toegang: | https://elibro.unach.elogim.com/es/lc/unach/titulos/85552 |
| Tags: |
Voeg label toe
Geen labels, Wees de eerste die dit record labelt!
|
MARC
| LEADER | 00000nam a2200000 a 4500 | ||
|---|---|---|---|
| 001 | ELB85552 | ||
| 003 | FlNmELB | ||
| 006 | m o d | | ||
| 007 | cr cn||||||||| | ||
| 008 | 201201r2011 cu |||||s|||||||||||spa d | ||
| 024 | 8 | |z 71205014510 | |
| 035 | |a (MiAaPQ)EBC3200400 | ||
| 035 | |a (Au-PeEL)EBL3200400 | ||
| 035 | |a (CaPaEBR)ebr10576970 | ||
| 035 | |a (OCoLC)929373730 | ||
| 040 | |a FlNmELB |b spa |c FlNmELB | ||
| 050 | 4 | |a LB2300 |b S4864 2011 | |
| 080 | |a 378 | ||
| 082 | 0 | 4 | |a 378 |2 22 |
| 100 | 1 | |a Serna Crespo, Alberto Eugenio. |4 aut | |
| 245 | 1 | 0 | |a Estrategia pedagógica para la superación profesional de los profesores asesores del programa nacional de formación de educadores |h [recurso electronico] |c Alberto Eugenio Serna Crespo. |
| 260 | |a La Habana : |b Editorial Universitaria, |c 2011. | ||
| 300 | |a 195 p. | ||
| 500 | |a Tesis (doctorado) - Instituto Pedagógico Latinoamericano y Caribeño. | ||
| 520 | |a Se elaboró una concepción pedagógica para la superación profesional de los profesores asesores del Programa Nacional de Formación de Educadores. | ||
| 533 | |a Recurso electrónico. Santa Fe, Arg.: e-libro, 2015. Disponible vía World Wide Web. El acceso puede estar limitado para las bibliotecas afiliadas a e-libro. | ||
| 650 | 4 | |a Educación. |x Educación superior. | |
| 650 | 4 | |a Education. |x Higher. | |
| 655 | 4 | |a Libros electrónicos. | |
| 700 | 1 | |a González Bello, Segifredo Luis. |4 drt | |
| 710 | 2 | |a e-libro, Corp. | |
| 856 | 4 | 0 | |u https://elibro.unach.elogim.com/es/lc/unach/titulos/85552 |